[Event "Sao Paulo zt"]
[Site "Sao Paulo"]
[Date "1998.??.??"]
[Round "3"]
[White "Berrocal Farina, Jorge"]
[Black "Vescovi, Giovanni P"]
[Result "1/2-1/2"]
[WhiteElo "2275"]
[BlackElo "2525"]
[EventDate "1998.09.??"]
[PlyCount "108"]

1.Nf3 d6 2.d4 Bg4 3.c4 Nd7 4.e4 c5 5.Be2 Bxf3 6.Bxf3 cxd4 7.Qxd4 Ngf6 8.
Nc3 g6 9.O-O Bg7 10.Be3 O-O 11.Qd2 a6 12.Rac1 Rc8 13.b3 Rb8 14.Ba7 Ra8 15.
Bd4 Rb8 16.Rfd1 b5 17.cxb5 axb5 18.e5 Nxe5 19.Bxe5 dxe5 20.Qxd8 Rfxd8 21.
Rxd8+ Rxd8 22.Nxb5 e4 23.Bd1 Bh6 24.Ra1 Rd2 25.Kf1 Nd5 26.g3 Bg7 27.Rc1 
Rxa2 28.Rc8+ Bf8 29.Nc3 Nxc3 30.Rxc3 e6 31.Be2 Rb2 32.Re3 Rb1+ 33.Kg2 f5 
34.Bc4 Kf7 35.Re2 Bc5 36.Ra2 g5 37.Ra5 Bd4 38.Rxf5+ Ke7 39.Rxg5 Rb2 40.Rg4
Rxf2+ 41.Kh3 Kf6 42.Rxe4 e5 43.Rh4 Kg7 44.Kg4 h6 45.Bd5 Bc5 46.Rh5 Bd6 47.
h4 Rd2 48.Be4 Rb2 49.Rf5 Rxb3 50.Bd5 Rd3 51.Rf7+ Kh8 52.Be6 e4 53.Kh5 Rxg3
54.Kxh6 Rg7 1/2-1/2

[Event "Sao Paulo zt"]
[Site "Sao Paulo"]
[Date "1998.??.??"]
[Round "3"]
[White "Oblitas Guerrero, Carlomagno"]
[Black "Martins, Carlos"]
[Result "1-0"]
[WhiteElo "2420"]
[BlackElo "2305"]
[EventDate "1998.09.??"]
[PlyCount "73"]

1.e4 e5 2.Nf3 Nc6 3.Bb5 a6 4.Bxc6 dxc6 5.O-O Qd6 6.b3 f6 7.Bb2 Bg4 8.d3 
O-O-O 9.Nbd2 Ne7 10.Nc4 Qd7 11.Ne3 c5 12.Nxe5 Bxd1 13.Nxd7 Bh5 14.Nxc5 Bf7
15.Na4 Nc6 16.Rfe1 Bb4 17.Nc3 Nd4 18.a3 Bc5 19.Ne2 Nc6 20.Nf5 Rhg8 21.d4 
Bf8 22.d5 Ne5 23.Nf4 g5 24.Nd3 Re8 25.Rad1 Bg6 26.Nd4 Bd6 27.h3 b6 28.Kf1 
g4 29.hxg4 Nxg4 30.f3 Ne5 31.Nf5 Kd7 32.Nxd6 cxd6 33.Bxe5 fxe5 34.c4 Rg7 
35.b4 Reg8 36.Rd2 Rc8 37.c5 1-0

[Event "Sao Paulo zt"]
[Site "Sao Paulo"]
[Date "1998.??.??"]
[Round "3"]
[White "Rocha, Wellington Carlos"]
[Black "Limp, Eduardo Thelio"]
[Result "1/2-1/2"]
[WhiteElo "2315"]
[BlackElo "2410"]
[EventDate "1998.09.??"]
[PlyCount "195"]

1.e4 c5 2.Nf3 Nc6 3.d4 cxd4 4.Nxd4 Nf6 5.Nc3 d6 6.Bg5 e6 7.Qd2 a6 8.O-O-O 
Bd7 9.f3 Be7 10.g4 Qc7 11.Be3 h6 12.h4 d5 13.exd5 Nxd5 14.Nxd5 exd5 15.Bf4
Qb6 16.Nxc6 bxc6 17.Bd3 Be6 18.g5 hxg5 19.hxg5 O-O-O 20.Be5 Rxh1 21.Rxh1 
g6 22.f4 c5 23.Qf2 d4 24.Qe2 Kb7 25.Bc4 Rd7 26.Rh8 Bd8 27.Qe4+ Ka7 28.Bf6 
Bxc4 29.Bxd8 Qe6 30.Qxe6 Bxe6 31.b3 c4 32.bxc4 Bxc4 33.Bf6 d3 34.cxd3 Rxd3
35.Rd8 Ra3 36.Rd2 Be6 37.Be5 Ra4 38.Kb1 Kb7 39.Ka1 Kc6 40.Kb1 Kb5 41.Bd6 
Re4 42.Kb2 a5 43.a3 Re3 44.Rf2 Ka4 45.Bf8 Rb3+ 46.Ka1 Rb8 47.Be7 Re8 48.
Bd6 Rd8 49.Be7 Rd7 50.Bf8 Kb3 51.Rb2+ Kc4 52.Rc2+ Kb3 53.Rb2+ Ka4 54.Rb6 
Rd4 55.Bd6 Rd2 56.Bf8 Rf2 57.Bd6 Bf5 58.Rb8 Rf1+ 59.Ka2 Rc1 60.Rb6 Rc4 61.
Kb2 Rc2+ 62.Ka1 Rd2 63.Bf8 Rd1+ 64.Ka2 Bd7 65.Rd6 Be6+ 66.Kb2 Rf1 67.Rd4+ 
Kb5 68.Bd6 Rf2+ 69.Ka1 Kc6 70.Bf8 Bd5 71.Ra4 Kb5 72.Rd4 Bb3 73.Bd6 Re2 74.
Bf8 Re8 75.Bd6 Re1+ 76.Kb2 Be6 77.Bf8 Re2+ 78.Ka1 Bf5 79.Bd6 Kc6 80.Bf8 
Re8 81.Bd6 Re1+ 82.Kb2 Rb1+ 83.Ka2 Rb7 84.Bf8 Be6+ 85.Ka1 Rb3 86.Ra4 Rb5 
87.Rd4 Rb8 88.Bg7 Rb3 89.Bf8 Re3 90.Kb2 Re1 91.Bg7 Re2+ 92.Kb1 Re3 93.Bf8 
Rb3+ 94.Ka1 Rb7 95.Ra4 Rb5 96.Rd4 Rb8 97.Bg7 Rb3 98.Bf8 1/2-1/2

[Event "Sao Paulo zt"]
[Site "Sao Paulo"]
[Date "1998.??.??"]
[Round "3"]
[White "Sunye Neto, Jaime"]
[Black "Urday Caceres, Henry"]
[Result "1/2-1/2"]
[WhiteElo "2520"]
[BlackElo "2475"]
[EventDate "1998.09.??"]
[PlyCount "89"]

1.c4 e5 2.g3 Nc6 3.Bg2 g6 4.Nc3 Bg7 5.Rb1 d6 6.b4 Nf6 7.d3 O-O 8.b5 Ne7 9.
Nf3 h6 10.O-O a6 11.a4 axb5 12.axb5 Be6 13.Nd2 d5 14.Bb2 c6 15.bxc6 bxc6 
16.Ra1 Rb8 17.Na4 Nd7 18.Qc2 Re8 19.e3 f5 20.Rfc1 g5 21.Nb3 Bf7 22.cxd5 
cxd5 23.d4 e4 24.Ba3 Ng6 25.Bd6 Ra8 26.Bh3 Be6 27.Qc6 Bf8 28.Bxf8 Ndxf8 
29.Nbc5 Rb8 30.Nc3 Rc8 31.Qb7 Ne7 32.Ra6 Rb8 33.Qa7 Ra8 34.Qb6 Rxa6 35.
Qxa6 Qc8 36.Qd6 Qb8 37.Qxb8 Rxb8 38.Ra1 Bf7 39.Ra7 Nfg6 40.Bf1 f4 41.Bh3 
Rb2 42.Ra2 Rb4 43.Ra4 Rb2 44.Ra2 Rb4 45.Ra4 1/2-1/2

[Event "Sao Paulo zt"]
[Site "Sao Paulo"]
[Date "1998.??.??"]
[Round "3"]
[White "Tsuboi, Edson Kenji"]
[Black "Matsuura, Everaldo"]
[Result "1/2-1/2"]
[WhiteElo "2300"]
[BlackElo "2400"]
[EventDate "1998.09.??"]
[PlyCount "46"]

1.e4 d5 2.exd5 Nf6 3.c4 c6 4.Nc3 cxd5 5.d4 e6 6.Nf3 Be7 7.cxd5 Nxd5 8.Bd3 
Nc6 9.O-O O-O 10.Re1 Bf6 11.Be4 Nce7 12.Ne5 Bd7 13.Qd3 g6 14.Bh6 Re8 15.
Qf3 Bc6 16.Rad1 Nf5 17.Bxf5 exf5 18.Nxc6 Rxe1+ 19.Rxe1 bxc6 20.Nxd5 Qxd5 
21.Qxd5 cxd5 22.Be3 Re8 23.Kf1 Rc8 1/2-1/2

[Event "Sao Paulo zt"]
[Site "Sao Paulo"]
[Date "1998.??.??"]
[Round "4"]
[White "Matsuura, Everaldo"]
[Black "Berrocal Farina, Jorge"]
[Result "1/2-1/2"]
[WhiteElo "2400"]
[BlackElo "2275"]
[EventDate "1998.09.??"]
[PlyCount "87"]

1.e4 e5 2.Nf3 Nc6 3.d4 exd4 4.Bc4 Nf6 5.e5 d5 6.Bb5 Ne4 7.Nxd4 Bd7 8.Bxc6 
bxc6 9.O-O Qh4 10.Be3 Be7 11.f3 Bg5 12.Qc1 Bxe3+ 13.Qxe3 Qg5 14.Qe2 Nc5 
15.f4 Qh6 16.Nc3 a5 17.f5 O-O 18.Rf3 Rfe8 19.Nb3 Nxb3 20.axb3 Qh5 21.e6 
fxe6 22.f6 Rf8 23.Rg3 Qxe2 24.Rxg7+ Kh8 25.Nxe2 Rad8 26.Rxa5 Rxf6 27.Re7 
Rdf8 28.Ng3 R6f7 29.Rxf7 Rxf7 30.Ra7 e5 31.Rxc7 Kg7 32.Ra7 Kg6 33.b4 h5 
34.h4 Kh6 35.Rc7 Kg6 36.Ra7 Bg4 37.Rxf7 Kxf7 38.Kf2 d4 39.c4 Ke6 40.Ne4 
Kf5 41.Nd6+ Ke6 42.Ne4 Kf5 43.Nd6+ Ke6 44.Ne4 1/2-1/2

[Event "Sao Paulo zt"]
[Site "Sao Paulo"]
[Date "1998.??.??"]
[Round "4"]
[White "Milos, Gilberto"]
[Black "Limp, Eduardo Thelio"]
[Result "1-0"]
[WhiteElo "2575"]
[BlackElo "2410"]
[EventDate "1998.09.??"]
[PlyCount "95"]

1.e4 c5 2.Nf3 d6 3.d4 cxd4 4.Nxd4 Nf6 5.Nc3 Nc6 6.Bc4 e6 7.Bb3 Be7 8.Be3 
O-O 9.O-O Na5 10.f4 Nxb3 11.axb3 e5 12.Nf5 Bxf5 13.exf5 exf4 14.Rxf4 d5 
15.Qf3 Qc7 16.Qf2 a6 17.Bd4 Rac8 18.Re1 Bc5 19.Bxc5 Qxc5 20.Qxc5 Rxc5 21.
Rd4 g6 22.Re5 Rfc8 23.fxg6 hxg6 24.g4 Kg7 25.g5 Nh5 26.Kf2 R8c6 27.Kf3 Kf8
28.Rdxd5 Rxd5 29.Rxd5 b5 30.Rd2 Ng7 31.Ne4 Ke7 32.b4 Ne6 33.c3 Rc8 34.h4 
Rc7 35.Rd5 Rc6 36.Nf6 Ng7 37.Rc5 Kd6 38.Ne4+ Kc7 39.Re5 Ne6 40.Ke3 Kb6 41.
Rd5 Kc7 42.Nc5 Kb6 43.Nd7+ Kb7 44.Ne5 Rc7 45.Rd7 Rxd7 46.Nxd7 Nd8 47.Nc5+ 
Kb6 48.Kd4 1-0

[Event "Sao Paulo zt"]
[Site "Sao Paulo"]
[Date "1998.??.??"]
[Round "4"]
[White "Rocha, Wellington Carlos"]
[Black "Oblitas Guerrero, Carlomagno"]
[Result "1-0"]
[WhiteElo "2315"]
[BlackElo "2420"]
[EventDate "1998.09.??"]
[PlyCount "59"]

1.e4 d5 2.exd5 Qxd5 3.Nc3 Qa5 4.d4 Nf6 5.Bc4 c6 6.Nf3 Bg4 7.h3 Bh5 8.g4 
Bg6 9.Bd2 Qc7 10.Qe2 Nbd7 11.Ne5 e6 12.Nxg6 hxg6 13.d5 cxd5 14.Nxd5 Nxd5 
15.Bxd5 Bd6 16.O-O-O O-O-O 17.Bg2 Nb6 18.Bc3 Bf4+ 19.Kb1 e5 20.Qe4 Nc4 21.
Ka1 Qc6 22.Qxc6+ bxc6 23.Bxc6 Rxd1+ 24.Rxd1 Rxh3 25.a4 a6 26.Bg2 Rh8 27.
Bf1 Nb6 28.Bxa6+ Kc7 29.Bb5 Ra8 30.a5 1-0

[Event "Sao Paulo zt"]
[Site "Sao Paulo"]
[Date "1998.??.??"]
[Round "4"]
[White "Saavedra, Carlos"]
[Black "Martins, Carlos"]
[Result "0-1"]
[WhiteElo "2205"]
[BlackElo "2305"]
[EventDate "1998.09.??"]
[PlyCount "71"]

1.d4 f5 2.Bg5 g6 3.e4 fxe4 4.Nc3 Bg7 5.Nxe4 d5 6.Nc5 b6 7.Nb3 Nf6 8.Nf3 
O-O 9.c4 Bb7 10.Be2 Qd6 11.O-O Nbd7 12.Rc1 Ne4 13.Be3 dxc4 14.Bxc4+ e6 15.
Qc2 Rac8 16.Rfd1 Kh8 17.Qe2 Rce8 18.Rc2 Re7 19.Nc1 Nef6 20.Nd3 Ng4 21.Nde5
Nxe3 22.Qxe3 Nxe5 23.Nxe5 c5 24.f4 g5 25.Rf2 Rd8 26.Rfd2 gxf4 27.Qxf4 Qc7 
28.Qh4 Kg8 29.Qg4 Bd5 30.Bxd5 Rxd5 31.Nf3 cxd4 32.Nxd4 Qc5 33.Kh1 h5 34.
Qh4 Red7 35.Nb3 Rxd2 36.Nxd2 0-1

[Event "Sao Paulo zt"]
[Site "Sao Paulo"]
[Date "1998.??.??"]
[Round "4"]
[White "Tsuboi, Edson Kenji"]
[Black "Van Riemsdijk, Herman C"]
[Result "1-0"]
[WhiteElo "2300"]
[BlackElo "2405"]
[EventDate "1998.09.??"]
[PlyCount "57"]

1.e4 e5 2.Nf3 Nc6 3.Bb5 a6 4.Ba4 Nf6 5.O-O Be7 6.Re1 b5 7.Bb3 d6 8.c3 O-O 
9.h3 Na5 10.Bc2 c5 11.d4 Qc7 12.Nbd2 cxd4 13.cxd4 Bd7 14.Nf1 Rac8 15.Bd3 
Nc6 16.Be3 exd4 17.Nxd4 Ne5 18.Rc1 Qb7 19.Rxc8 Bxc8 20.Bb1 Re8 21.Ng3 g6 
22.Bg5 Qd7 23.Qc1 d5 24.Qf4 Nxe4 25.Bxe4 Bxg5 26.Qxg5 f6 27.Qxf6 dxe4 28.
Rxe4 Nc4 29.Ngf5 1-0

[Event "Sao Paulo zt"]
[Site "Sao Paulo"]
[Date "1998.??.??"]
[Round "4"]
[White "Urday Caceres, Henry"]
[Black "Leitao, Rafael Duailibe"]
[Result "1-0"]
[WhiteElo "2475"]
[BlackElo "2550"]
[EventDate "1998.09.??"]
[PlyCount "104"]

1.d4 Nf6 2.Nf3 e6 3.c4 b6 4.g3 Ba6 5.b3 Bb4+ 6.Bd2 Be7 7.Bg2 d5 8.O-O c6 
9.Ne5 Nfd7 10.Nxd7 Nxd7 11.Bc3 dxc4 12.Bxc6 Rc8 13.Bg2 O-O 14.Nd2 cxb3 15.
axb3 Bb5 16.Bb2 a5 17.Re1 Bb4 18.Ba3 Qe7 19.Nb1 Rfd8 20.e3 Nf6 21.Bf1 Bxf1
22.Rxf1 e5 23.Bxb4 Qxb4 24.Ra4 Qe7 25.Qd3 Qe6 26.Nd2 e4 27.Qe2 Qh3 28.Rc4 
b5 29.Rcc1 h5 30.Rfd1 Qf5 31.h4 Ng4 32.Kg2 Kh7 33.Rf1 Rxc1 34.Rxc1 Rd5 35.
Nf1 Qe6 36.Nh2 Nf6 37.Qc2 Rf5 38.Qc8 Qxc8 39.Rxc8 Nd5 40.Nf1 Nb4 41.Nd2 a4
42.bxa4 bxa4 43.Ra8 Nd5 44.Rxa4 Nf6 45.Ra7 Rb5 46.Rxf7 Rb2 47.Nc4 Re2 48.
Nd6 Kg6 49.Re7 Ng4 50.Re6+ Kh7 51.Nxe4 Kg8 52.Kf3 Kf7 1-0

[Event "Sao Paulo zt"]
[Site "Sao Paulo"]
[Date "1998.??.??"]
[Round "4"]
[White "Vescovi, Giovanni P"]
[Black "Sunye Neto, Jaime"]
[Result "0-1"]
[WhiteElo "2525"]
[BlackElo "2520"]
[EventDate "1998.09.??"]
[PlyCount "90"]

1.d4 Nf6 2.c4 e6 3.Nf3 Bb4+ 4.Nbd2 b6 5.a3 Bxd2+ 6.Bxd2 Bb7 7.Bg5 d6 8.e3 
Nbd7 9.Qc2 h6 10.Bh4 Qe7 11.Bd3 c5 12.Be2 O-O 13.O-O Rac8 14.Rfd1 Bxf3 15.
Bxf3 cxd4 16.Rxd4 d5 17.Qd1 Rxc4 18.Rxc4 dxc4 19.Bg3 e5 20.Qa4 e4 21.Be2 
c3 22.bxc3 Nc5 23.Qb5 Rd8 24.a4 Rd2 25.a5 a6 26.Qc6 b5 27.Kf1 Nb3 28.Rb1 
Qd8 29.Qc7 Qxc7 30.Bxc7 Rd7 31.Rxb3 Rxc7 32.Ke1 Nd5 33.Kd2 Kf8 34.g4 Ke7 
35.f3 exf3 36.Bxf3 Kd6 37.c4 bxc4 38.Rb8 c3+ 39.Kc1 Nxe3 40.Rb6+ Kc5 41.
Rxa6 c2 42.Ra8 Rd7 43.Kb2 Kb4 44.Be4 Rd2 45.Rc8 Kxa5 0-1

[Event "Sao Paulo zt"]
[Site "Sao Paulo"]
[Date "1998.??.??"]
[Round "5"]
[White "Leitao, Rafael Duailibe"]
[Black "Tsuboi, Edson Kenji"]
[Result "1-0"]
[WhiteElo "2550"]
[BlackElo "2300"]
[EventDate "1998.09.??"]
[PlyCount "91"]

1.e4 c5 2.Nf3 d6 3.d4 cxd4 4.Nxd4 Nf6 5.Nc3 Nc6 6.Bc4 e6 7.Bb3 Be7 8.Be3 
a6 9.f4 Nxd4 10.Bxd4 O-O 11.O-O b5 12.e5 dxe5 13.fxe5 Nd7 14.Ne4 Bb7 15.
Nd6 Bxd6 16.exd6 Qg5 17.Rf2 Rac8 18.a4 Nc5 19.axb5 axb5 20.d7 Nxd7 21.Bxg7
Rfd8 22.Bc3 Nc5 23.Qf1 Ne4 24.Rxf7 Qc5+ 25.Kh1 Ng3+ 26.hxg3 Qh5+ 27.Kg1 
Qxf7 28.Qe2 Bd5 29.Rf1 Qa7+ 30.Kh2 Rxc3 31.bxc3 Qg7 32.Bxd5 Qh6+ 33.Kg1 
Rxd5 34.Rf4 Rf5 35.Qe4 Rxf4 36.gxf4 Kf7 37.Qb7+ Kf6 38.Qb8 Qh5 39.Qf8+ Kg6
40.Qe8+ Kh6 41.Qxe6+ Kg7 42.Qe7+ Kg8 43.Kf2 Qd1 44.Qe8+ Kg7 45.Qxb5 Qxc2+ 
46.Qe2 1-0

[Event "Sao Paulo zt"]
[Site "Sao Paulo"]
[Date "1998.??.??"]
[Round "5"]
[White "Martins, Carlos"]
[Black "Vescovi, Giovanni P"]
[Result "0-1"]
[WhiteElo "2305"]
[BlackElo "2525"]
[EventDate "1998.09.??"]
[PlyCount "110"]

1.e4 c5 2.Nf3 e6 3.d4 cxd4 4.Nxd4 a6 5.Bd3 Qb6 6.Nb3 d6 7.Be3 Qc7 8.Nc3 
Nf6 9.f4 b5 10.a3 Bb7 11.O-O Nbd7 12.Qe2 Be7 13.Rae1 O-O 14.Bd2 e5 15.Kh1 
Rac8 16.Nd1 Rfe8 17.Ba5 Qb8 18.Bc3 d5 19.exd5 exf4 20.Qf3 Bd6 21.Bf5 Bxd5 
22.Qh3 Rxe1 23.Rxe1 Rd8 24.Bxd7 Nxd7 25.Qg4 Bf8 26.Nf2 Qa8 27.Nd2 Nc5 28.
Rg1 Qb8 29.Nf3 Re8 30.Nd4 Na4 31.Bd2 Nxb2 32.Bxf4 Qc8 33.Qg5 Qd8 34.Qg3 
Nc4 35.Ng4 Kh8 36.Nf3 Bxf3 37.gxf3 g6 38.Nh6 Qd7 39.Bg5 Bg7 40.Qf4 f5 41.
a4 Qd5 42.axb5 axb5 43.Rf1 Be5 44.Re1 Kg7 45.Nxf5+ gxf5 46.Qxf5 Qe6 47.Qe4
Nd6 48.Qh4 Qf5 49.f4 Bd4 50.Qh6+ Kf7 51.Qh5+ Qg6 52.Qd1 Nf5 53.h4 Rxe1+ 
54.Qxe1 Qc6+ 55.Kh2 Qxc2+ 0-1

[Event "Sao Paulo zt"]
[Site "Sao Paulo"]
[Date "1998.??.??"]
[Round "5"]
[White "Oblitas Guerrero, Carlomagno"]
[Black "Saavedra, Carlos"]
[Result "1-0"]
[WhiteElo "2420"]
[BlackElo "2205"]
[EventDate "1998.09.??"]
[PlyCount "59"]

1.e4 c5 2.Nf3 d6 3.d4 cxd4 4.Nxd4 Nf6 5.Nc3 Nc6 6.Bc4 e6 7.Be3 Be7 8.Qe2 
a6 9.Bb3 Qc7 10.O-O-O O-O 11.g4 Na5 12.g5 Nxb3+ 13.axb3 Nd7 14.h4 b5 15.g6
Nc5 16.gxh7+ Kh8 17.Rhg1 Bf6 18.Bg5 Bxd4 19.Rxd4 f6 20.Be3 Bb7 21.f3 e5 
22.Rdd1 b4 23.Bxc5 dxc5 24.Nd5 Bxd5 25.Rxd5 Ra7 26.Rgd1 Rc8 27.h5 Kxh7 28.
Qg2 c4 29.Qg6+ Kh8 30.bxc4 1-0

[Event "Sao Paulo zt"]
[Site "Sao Paulo"]
[Date "1998.??.??"]
[Round "5"]
[White "Sunye Neto, Jaime"]
[Black "Rocha, Wellington Carlos"]
[Result "1-0"]
[WhiteElo "2520"]
[BlackElo "2315"]
[EventDate "1998.09.??"]
[PlyCount "57"]

1.c4 Nf6 2.Nc3 g6 3.g3 Bg7 4.Bg2 O-O 5.e4 e5 6.Nge2 d6 7.d3 Nc6 8.O-O Nh5 
9.h3 f5 10.exf5 gxf5 11.f4 Be6 12.Kh2 Kh8 13.Nd5 Rg8 14.Be3 Ne7 15.Qd2 c6 
16.Nxe7 Qxe7 17.Rae1 Rad8 18.b3 c5 19.fxe5 dxe5 20.Bg5 Rxd3 21.Qxd3 Qxg5 
22.Qd6 Bc8 23.h4 Qh6 24.Qxh6 Bxh6 25.Bh3 f4 26.Bxc8 fxg3+ 27.Kh3 Rxc8 28.
Nxg3 Nf4+ 29.Kh2 1-0

[Event "Sao Paulo zt"]
[Site "Sao Paulo"]
[Date "1998.??.??"]
[Round "5"]
[White "Urday Caceres, Henry"]
[Black "Milos, Gilberto"]
[Result "0-1"]
[WhiteElo "2475"]
[BlackElo "2575"]
[EventDate "1998.09.??"]
[PlyCount "116"]

1.d4 Nf6 2.Nf3 e6 3.c4 b6 4.g3 Ba6 5.b3 d5 6.Bg2 Bb4+ 7.Bd2 Bd6 8.Ne5 O-O 
9.O-O c6 10.Bc3 Nfd7 11.Nxd7 Nxd7 12.Nd2 f5 13.a4 Qe7 14.a5 b5 15.c5 Bc7 
16.b4 Rad8 17.e3 Bc8 18.Nf3 g5 19.Ne5 Nxe5 20.dxe5 Kh8 21.f4 Rg8 22.fxg5 
Rxg5 23.Rf4 Rdg8 24.Qd4 R8g6 25.Raf1 Kg8 26.Bf3 Bd7 27.Kf2 Be8 28.Rg1 Qg7 
29.Rh4 Bd8 30.Rg2 Rh6 31.Rxh6 Qxh6 32.h4 Rg7 33.Qd1 Bc7 34.Bd4 Kf8 35.Qe2 
Rg6 36.Bh5 Rg8 37.Bf3 Ke7 38.Qd1 Kd7 39.Qc2 Bd8 40.Qd1 Be7 41.Qe2 Bf7 42.
Qd1 Qf8 43.Qc2 Bd8 44.Qd1 Qe8 45.Qe2 Rg6 46.Rh2 Qg8 47.Bh5 Rg7 48.Bxf7 
Qxf7 49.Rg2 Rg4 50.Kg1 Qg7 51.Kh2 Bc7 52.Qb2 a6 53.Qc3 Ke7 54.Rg1 Re4 55.
Rf1 Bxe5 56.Rf4 Bxd4 57.exd4 Re2+ 58.Kh3 h5 0-1

[Event "Sao Paulo zt"]
[Site "Sao Paulo"]
[Date "1998.??.??"]
[Round "5"]
[White "Van Riemsdijk, Herman C"]
[Black "Berrocal Farina, Jorge"]
[Result "1-0"]
[WhiteElo "2405"]
[BlackElo "2275"]
[EventDate "1998.09.??"]
[PlyCount "77"]

1.e4 e5 2.Nf3 Nc6 3.Bb5 a6 4.Ba4 Nf6 5.O-O b5 6.Bb3 Bc5 7.d3 d6 8.c3 O-O 
9.a4 Bb7 10.Qe2 Re8 11.Be3 Bxe3 12.Qxe3 d5 13.Nbd2 d4 14.cxd4 exd4 15.Qg5 
h6 16.Qf4 Qe7 17.Rfc1 Rad8 18.axb5 axb5 19.Qf5 Qb4 20.Qc5 Ra8 21.Rxa8 Rxa8
22.Qxb4 Nxb4 23.Ne5 c6 24.Ndf3 c5 25.Bxf7+ Kf8 26.h3 Rc8 27.Be6 Rc7 28.
Nxd4 Ke7 29.Ng6+ Kd8 30.Nxb5 Rc6 31.Bc4 Rb6 32.Nf4 Ke7 33.Ne2 Ba6 34.Nec3 
g5 35.Kf1 Nd7 36.Nc7 Bb7 37.Na4 Rf6 38.Bb5 Kd8 39.Nxc5 1-0

[Event "Sao Paulo zt"]
[Site "Sao Paulo"]
[Date "1998.??.??"]
[Round "6"]
[White "Berrocal Farina, Jorge"]
[Black "Saavedra, Carlos"]
[Result "1-0"]
[WhiteElo "2275"]
[BlackElo "2205"]
[EventDate "1998.09.??"]
[PlyCount "67"]

1.Nf3 Nf6 2.c4 c5 3.d4 g6 4.g3 Bg7 5.Bg2 O-O 6.Nc3 Nc6 7.O-O d6 8.dxc5 
dxc5 9.Qa4 Nd4 10.Nxd4 cxd4 11.Nd5 Bd7 12.Qb4 Nxd5 13.cxd5 b6 14.Bg5 f6 
15.Bf4 Bf5 16.Rac1 Kh8 17.Rfd1 Bg4 18.Rxd4 Rc8 19.Rxc8 Bxc8 20.Rd2 Bf5 21.
e4 Bc8 22.Rc2 h5 23.h4 e5 24.Bd2 Rf7 25.Qa4 Kh7 26.f4 f5 27.Qc4 Bd7 28.d6 
Qe8 29.Qd3 Bf8 30.Rc7 a6 31.fxe5 Qxe5 32.exf5 gxf5 33.Bf4 Qxb2 34.Rxd7 1-0

[Event "Sao Paulo zt"]
[Site "Sao Paulo"]
[Date "1998.??.??"]
[Round "6"]
[White "Leitao, Rafael Duailibe"]
[Black "Sunye Neto, Jaime"]
[Result "1-0"]
[WhiteElo "2550"]
[BlackElo "2520"]
[EventDate "1998.09.??"]
[PlyCount "137"]

1.d4 Nf6 2.c4 e6 3.Nc3 Bb4 4.Qc2 d6 5.a3 Bxc3+ 6.Qxc3 Nbd7 7.Bg5 h6 8.Bh4 
Qe7 9.Nf3 b6 10.Nd2 Bb7 11.f3 e5 12.e3 O-O 13.dxe5 Nxe5 14.Be2 Rfe8 15.Bf2
d5 16.O-O Ba6 17.Rfe1 Rad8 18.b3 c5 19.a4 Nc6 20.Bf1 dxc4 21.Nxc4 Nd5 22.
Qb2 Ndb4 23.Red1 Bxc4 24.Bxc4 Ne5 25.Bb5 Ned3 26.Qe2 Nxf2 27.Qxf2 Rxd1+ 
28.Rxd1 Rd8 29.Rxd8+ Qxd8 30.Qe2 Qd6 31.f4 f5 32.h3 Kh7 33.Bc4 Qd7 34.Kh2 
Qe7 35.g4 Qe4 36.gxf5 Qxf5 37.Qg2 Qd7 38.Qe4+ g6 39.Kg3 h5 40.Qa8 Qg7 41.
Kf3 Kh6 42.Qd8 Kh7 43.Qd6 Kh8 44.Qe6 Kh7 45.h4 Qb7+ 46.e4 Qg7 47.e5 Qb7+ 
48.Kf2 Qg7 49.Qe8 Kh6 50.Be2 Kh7 51.f5 gxf5 52.Qxh5+ Qh6 53.Qxf5+ Kg7 54.
Qd7+ Kh8 55.Qe8+ Kg7 56.Qe7+ Kh8 57.Qd8+ Kg7 58.Qc7+ Kg6 59.Qd6+ Kg7 60.
Qxh6+ Kxh6 61.Ke3 Nd5+ 62.Ke4 Nc3+ 63.Kd3 Nd5 64.Bf3 Nf4+ 65.Ke4 Ng6 66.e6
Kg7 67.h5 Ne7 68.Ke5 a6 69.Be2 1-0

[Event "Sao Paulo zt"]
[Site "Sao Paulo"]
[Date "1998.??.??"]
[Round "6"]
[White "Limp, Eduardo Thelio"]
[Black "Tsuboi, Edson Kenji"]
[Result "0-1"]
[WhiteElo "2410"]
[BlackElo "2300"]
[EventDate "1998.09.??"]
[PlyCount "70"]

1.d4 Nf6 2.Nf3 g6 3.c3 Bg7 4.Bf4 d5 5.Nbd2 Nbd7 6.h3 c5 7.e3 O-O 8.Bd3 b6 
9.O-O Bb7 10.Bh2 a6 11.b4 Ne4 12.bxc5 bxc5 13.Bxe4 dxe4 14.Ng5 e5 15.Ndxe4
cxd4 16.exd4 Bd5 17.dxe5 Nxe5 18.Bxe5 Bxe5 19.f4 Bg7 20.f5 h6 21.f6 Bh8 
22.Qd4 Bb7 23.Nd6 Rb8 24.Nge4 Bc6 25.Rf2 Qa5 26.c4 Rbd8 27.Qe3 Qe5 28.Rd1 
Bxe4 29.c5 Bxf6 30.Rdf1 Bc6 31.Qa3 Qg5 32.Qxa6 Qd5 33.Qe2 Bd4 34.Kh1 Bxf2 
35.Qxf2 Ra8 0-1

[Event "Sao Paulo zt"]
[Site "Sao Paulo"]
[Date "1998.??.??"]
[Round "6"]
[White "Matsuura, Everaldo"]
[Black "Van Riemsdijk, Herman C"]
[Result "1/2-1/2"]
[WhiteElo "2400"]
[BlackElo "2405"]
[EventDate "1998.09.??"]
[PlyCount "64"]

1.e4 c5 2.Nf3 e6 3.c3 d6 4.d4 Nd7 5.Bd3 Ngf6 6.O-O Be7 7.Qe2 Qc7 8.Re1 b6 
9.a4 a6 10.Na3 Bb7 11.Bg5 h6 12.Bd2 O-O 13.e5 dxe5 14.dxe5 Nh7 15.Bf4 Qc6 
16.Nc4 Ng5 17.Bxg5 hxg5 18.h3 Rfd8 19.Ncd2 Nxe5 20.Be4 Nxf3+ 21.Qxf3 Qc7 
22.Bxb7 Rab8 23.Bxa6 Rxd2 24.Re2 Rbd8 25.Bc4 Rd1+ 26.Re1 Rxa1 27.Rxa1 Rd2 
28.Rd1 Qf4 29.Rxd2 Qxd2 30.Qe2 Qxe2 31.Bxe2 Bd6 32.g3 Kf8 1/2-1/2

[Event "Sao Paulo zt"]
[Site "Sao Paulo"]
[Date "1998.??.??"]
[Round "6"]
[White "Milos, Gilberto"]
[Black "Oblitas Guerrero, Carlomagno"]
[Result "1-0"]
[WhiteElo "2575"]
[BlackElo "2420"]
[EventDate "1998.09.??"]
[PlyCount "53"]

1.e4 g6 2.d4 Bg7 3.Nf3 d6 4.Be2 Nf6 5.Nc3 Nbd7 6.e5 Ng8 7.Bf4 Nb6 8.Qc1 h5
9.O-O Nh6 10.a4 a5 11.Bb5+ Bd7 12.Re1 Nf5 13.Bxd7+ Qxd7 14.d5 dxe5 15.Nxe5
Qd8 16.Qd1 O-O 17.Qf3 Nd7 18.Rad1 Ra6 19.h3 Re8 20.b3 Qc8 21.Nc4 Nd6 22.
Na3 c6 23.Re2 Nf5 24.Red2 Nf6 25.Nc4 Rd8 26.dxc6 Rxd2 27.cxb7 1-0

[Event "Sao Paulo zt"]
[Site "Sao Paulo"]
[Date "1998.??.??"]
[Round "6"]
[White "Vescovi, Giovanni P"]
[Black "Urday Caceres, Henry"]
[Result "1/2-1/2"]
[WhiteElo "2525"]
[BlackElo "2475"]
[EventDate "1998.09.??"]
[PlyCount "79"]

1.d4 Nf6 2.c4 e6 3.Nf3 Bb4+ 4.Nbd2 O-O 5.a3 Be7 6.e4 d5 7.Qc2 c5 8.dxc5 
dxe4 9.Nxe4 Nxe4 10.Qxe4 Bxc5 11.b4 f5 12.Qc2 Be7 13.Bb2 Bf6 14.Be2 a5 15.
O-O axb4 16.axb4 Rxa1 17.Rxa1 Na6 18.Qb3 Bxb2 19.Qxb2 Qf6 20.Rb1 Rd8 21.c5
Nc7 22.Qe5 Nd5 23.Qxf6 gxf6 24.Rd1 Re8 25.Bb5 Rf8 26.Rd4 Kf7 27.Nh4 Nc7 
28.Bc4 Ke7 29.Rd1 Rd8 30.Rxd8 Kxd8 31.Kf1 Bd7 32.Ke2 Ke7 33.Kd3 Bc6 34.Kd4
Kd7 35.h3 Ke7 36.f4 Kd7 37.Nf3 Bxf3 38.gxf3 Kc6 39.h4 h6 40.h5 1/2-1/2

[Event "Sao Paulo zt"]
[Site "Sao Paulo"]
[Date "1998.09.14"]
[Round "7"]
[White "Berrocal Farina, Jorge"]
[Black "Martins, Carlos"]
[Result "1/2-1/2"]
[WhiteElo "2275"]
[BlackElo "2305"]
[EventDate "1998.09.??"]
[PlyCount "76"]

1.Nf3 f5 2.d4 Nf6 3.Bg5 e6 4.Nbd2 d5 5.e3 Bd6 6.c4 c6 7.Qc2 h6 8.Bh4 Nbd7 
9.cxd5 cxd5 10.Bb5 O-O 11.O-O Qb6 12.Qb3 Ne4 13.Bg3 Nxg3 14.hxg3 Nf6 15.
Ne5 Bxe5 16.dxe5 Ng4 17.Nf3 a6 18.Ba4 Qxb3 19.axb3 Rb8 20.b4 b5 21.Bd1 Kf7
22.Rc1 Bd7 23.Rc7 Ke7 24.Be2 Rfc8 25.Rfc1 Rxc7 26.Rxc7 Rc8 27.Rc5 Kd8 28.
Kf1 Rc7 29.Ke1 Kc8 30.Rxc7+ Kxc7 31.Bf1 Kb6 32.Be2 a5 33.Bf1 axb4 34.Be2 
b3 35.Bd3 g5 36.Ke2 b4 37.Ke1 Kc5 38.Ke2 Kb6 1/2-1/2

[Event "Sao Paulo zt"]
[Site "Sao Paulo"]
[Date "1998.09.14"]
[Round "7"]
[White "Oblitas Guerrero, Carlomagno"]
[Black "Limp, Eduardo Thelio"]
[Result "1-0"]
[WhiteElo "2420"]
[BlackElo "2410"]
[EventDate "1998.09.??"]
[PlyCount "119"]

1.e4 c5 2.Nf3 Nc6 3.c3 d5 4.exd5 Qxd5 5.d4 Bg4 6.Be2 cxd4 7.cxd4 e6 8.Nc3 
Qd7 9.Be3 Bd6 10.h3 Bh5 11.d5 exd5 12.Nxd5 Nge7 13.Nf4 Bxf3 14.Bxf3 Bb4+ 
15.Kf1 Qc7 16.Bxc6+ Nxc6 17.Nd5 Qa5 18.Nxb4 Qxb4 19.Qe1 Qxe1+ 20.Rxe1 
O-O-O 21.g4 Rd5 22.Ke2 Rhd8 23.Rc1 Kd7 24.Rhd1 Ke6 25.Rxd5 Rxd5 26.Rc4 a6 
27.Re4+ Re5 28.Rc4 Rb5 29.b3 g6 30.Re4+ Re5 31.Rc4 f5 32.Kf3 Ra5 33.Rc2 
Rd5 34.Ke2 Ke5 35.Rc4 Ra5 36.a4 Rd5 37.Bf4+ Ke6 38.Be3 Na5 39.Rc7 Rd7 40.
gxf5+ gxf5 41.Rc3 Nc6 42.Rc4 Ne5 43.Rh4 Rc7 44.Rb4 Nc6 45.Rc4 Rd7 46.Rh4 
Ke5 47.Rh6 Nd4+ 48.Bxd4+ Kxd4 49.Rb6 Kc5 50.a5 Kd5 51.Ke3 Ke5 52.f4+ Kd5 
53.Rf6 Kc5 54.Rxf5+ Kb4 55.Re5 Rd1 56.f5 Rf1 57.Ke4 h5 58.h4 Rh1 59.f6 
Rxh4+ 60.Kf5 1-0

[Event "Sao Paulo zt"]
[Site "Sao Paulo"]
[Date "1998.09.14"]
[Round "7"]
[White "Rocha, Wellington Carlos"]
[Black "Leitao, Rafael Duailibe"]
[Result "0-1"]
[WhiteElo "2315"]
[BlackElo "2550"]
[EventDate "1998.09.??"]
[PlyCount "54"]

1.e4 c5 2.Nf3 d6 3.d4 cxd4 4.Nxd4 Nf6 5.Nc3 a6 6.Bc4 e6 7.Bb3 Nc6 8.Be3 
Be7 9.Qe2 O-O 10.O-O-O Qc7 11.g4 Nd7 12.Rhg1 Nc5 13.g5 Bd7 14.f4 b5 15.f5 
b4 16.f6 bxc3 17.Nxc6 Bxc6 18.fxe7 cxb2+ 19.Kxb2 Qxe7 20.e5 dxe5 21.Qc4 
Nxb3 22.axb3 Rfc8 23.Qg4 Qb7 24.Rd2 Be4 25.Ra1 Rab8 26.Ra3 Qc6 27.Bc5 Rb5 
0-1